000 00679nam a2200277Ia 4500
005 20260324145432.0
008 008 260324s9999 xx 000 0 eng d
020 _a9781315671987
037 _aEBOOK
040 _aCRL
040 _beng
040 _cCRL
041 _2eng
041 _aeng
084 _qCRL
100 _aEmery N. Castle; Kenzo Hemmi; Sally A. Skillings
_91222955
245 0 _aU.S.-Japanese Agricultural Trade Relations
260 _bTaylor and Francis
260 _c1982
365 _a
365 _b300
856 _uhttp://www.taylorfrancis.com/books/9781315671987
942 _cEBOOK
999 _c1830857
_d1830857